Three to win. (Record no. 13158)

000 -LEADER
fixed length control field 00658nam a2200217 a 4500
001 - CONTROL NUMBER
control field :::00010976$&:&@@
003 - CONTROL NUMBER IDENTIFIER
control field OkBaRHE
005 - DATE AND TIME OF LATEST TRANSACTION
control field 20000607103404.0
008 - FIXED-LENGTH DATA ELEMENTS--GENERAL INFORMATION
fixed length control field s1977 j 000 0 eng u
020 ## - INTERNATIONAL STANDARD BOOK NUMBER
International Standard Book Number 0882439065
040 ## - CATALOGING SOURCE
Transcribing agency
100 1# - MAIN ENTRY--PERSONAL NAME
Personal name Adams, James Edward, 1913-
245 10 - TITLE STATEMENT
Title Three to win.
260 ## - PUBLICATION, DISTRIBUTION, ETC. (IMPRINT)
Place of publication, distribution, etc Springfield, MO., :
Name of publisher, distributor, etc Gospel Publishing House
Date of publication, distribution, etc 1977
300 ## - PHYSICAL DESCRIPTION
Extent 125 p. ;
Dimensions 18 cm.
490 0# - SERIES STATEMENT
Series statement Radiant books.
650 ## - SUBJECT ADDED ENTRY--TOPICAL TERM
Topical term or geographic name as entry element Witness bearing (Christianity)
700 ## - ADDED ENTRY--PERSONAL NAME
Personal name Brandt, Robert L. Soul winning.
942 ## - ADDED ENTRY ELEMENTS (KOHA)
Source of classification or shelving scheme
Koha item type Books
Copies
Permanent Location Koha item type Barcode Withdrawn status Price effective from Not for loan Damaged status Source of classification or shelving scheme Date last seen Copy number Full call number Lost status Shelving location Date acquired
RHEMA Bible Training CollegeBooks10976 2010-04-14   2010-04-141BV 4520 .A3 General Stacks2010-04-14